| 000 | 00609nam a2200229Ia 4500 | ||
|---|---|---|---|
| 003 | OSt | ||
| 005 | 20221007070710.0 | ||
| 006 | a|||||r|||| 00| 0 | ||
| 007 | ta | ||
| 008 | 221006b |||||||| |||| 00| 0 eng d | ||
| 024 | _a12,634 | ||
| 037 | _cTextual | ||
| 040 |
_aFLL _cFLL _beng |
||
| 041 |
_2eng _aeng |
||
| 082 | _aV2,31-1:3.N7, M2 | ||
| 100 |
_aYadav J.N.S. Au. _9687584 |
||
| 245 | 0 | _aThe indian speaker | |
| 260 |
_aGurgaon _bThe acadmic press India _c1982 |
||
| 300 |
_a264p _ccm. |
||
| 942 |
_hV2,31-1:3.N7, M2 _cTEXL _2CC |
||
| 999 |
_c1141278 _d1141278 |
||